000 00444nam a2200157 i 4500
001 38807
003 ES-MaACL
005 20230906155825.0
007 t|
008 030226s1958 sp ||||1| spa d
100 1 _aCamargo Hernández, César.
_934012
245 1 3 _aLa premeditación /
_cCésar Camargo Hernández.
260 _aBarcelona :
_bBosch,
_c[1958] (
_fClarasó)
300 _a187 p. ;
_c23 cm.
852 _aES-MaACL
_jC-17198
_bR.45443
999 _c38807
_d38807